[Event "EU School-ch U15"]
[Site "Kallithea"]
[Date "2012.06.17"]
[Round "6.3"]
[White "Amrayeva, Aytan"]
[Black "Babazade, Javidan Elnur Oglu"]
[Result "1-0"]
[WhiteElo "1922"]
[BlackElo "2055"]
[PlyCount "59"]
[EventDate "2012.06.13"]
[EventType "swiss"]
[EventRounds "9"]
[EventCountry "GRE"]
[SourceTitle "EXT 2024"]
[Source "ChessBase"]
[SourceDate "2023.10.10"]
[SourceVersion "1"]
[SourceVersionDate "2023.10.10"]
[SourceQuality "1"]

1. c4 e5 2. Nc3 Nf6 3. g3 d5 4. cxd5 Nxd5 5. Bg2 Nb6 6. d3 Be7 7. Nf3 Nc6 8. a3 a5 9. Be3 0-0 10. 0-0 Be6 11. Na4 Nd5 12. Bc5 b5 13. Bxe7 Qxe7 14. Rc1 Nd8 15. Nc5 Bg4 16. Qd2 c6 17. Rfe1 f6 18. h3 Bh5 19. Nh4 f5 20. Nxf5 Rxf5 21. e4 Rf6 22. exd5 Bf7 23. d4 cxd5 24. dxe5 Rf5 25. e6 Nxe6 26. Nxe6 Bxe6 27. Bxd5 Ra6 28. Rxe6 Rxe6 29. Re1 Rff6 30. Qxa5 1-0

[Event "World School-ch U15 7th"]
[Site "Krakow"]
[Date "2011.05.07"]
[Round "8"]
[White "Yuksel, Atilla Koksal"]
[Black "Babazade, Javidan Elnur Oglu"]
[Result "1/2-1/2"]
[WhiteElo "2035"]
[BlackElo "2106"]
[PlyCount "63"]
[EventDate "2011.04.30"]
[EventType "swiss"]
[EventRounds "9"]
[EventCountry "POL"]
[SourceTitle "CBM 142 Extra"]
[Source "ChessBase"]
[SourceDate "2011.06.27"]
[SourceVersion "1"]
[SourceVersionDate "2011.06.27"]
[SourceQuality "1"]

1. e4 e6 2. d4 d5 3. Nc3 Bb4 4. e5 Ne7 5. Bd2 0-0 6. Bd3 c5 7. Nf3 Nf5 8. Bxf5 exf5 9. a3 Bxc3 10. Bxc3 cxd4 11. Bxd4 Nc6 12. 0-0 Re8 13. Re1 Qc7 14. c3 Be6 15. Qd3 Na5 16. Rab1 Qd7 17. b3 b6 18. Nd2 Rac8 19. f4 Rc7 20. Nf1 Rec8 21. Ne3 g6 22. Rec1 Qe7 23. a4 Nc6 24. b4 Qd7 25. b5 Na5 26. Rb4 Nb7 27. Rb2 Qe7 28. Ra1 Qd7 29. Qe2 Nc5 30. a5 Ne4 31. axb6 axb6 32. Nd1 1/2-1/2

[Event "World School-ch U15 7th"]
[Site "Krakow"]
[Date "2011.05.06"]
[Round "7"]
[White "Babazade, Javidan Elnur Oglu"]
[Black "Dastan, Batuhan Muhammed"]
[Result "0-1"]
[WhiteElo "2106"]
[BlackElo "2169"]
[PlyCount "59"]
[EventDate "2011.04.30"]
[EventType "swiss"]
[EventRounds "9"]
[EventCountry "POL"]
[SourceTitle "CBM 142 Extra"]
[Source "ChessBase"]
[SourceDate "2011.06.27"]
[SourceVersion "1"]
[SourceVersionDate "2011.06.27"]
[SourceQuality "1"]

1. e4 c5 2. Nf3 d6 3. d4 cxd4 4. Nxd4 Nf6 5. Bd3 Nc6 6. Nxc6 bxc6 7. 0-0 g6 8. b3 Bg7 9. Bb2 0-0 10. Nd2 Nd7 11. Bxg7 Kxg7 12. c4 Nc5 13. Qc2 e5 14. f4 Qb6 15. Kh1 f6 16. Qc3 Ba6 17. a3 Ne6 18. f5 gxf5 19. exf5 Nf4 20. c5 dxc5 21. Bxa6 Qxa6 22. Qxc5 Qe2 23. Rf2 Qb5 24. Qe3 Qd3 25. Qe4 Qd5 26. Qe3 Rfd8 27. Rg1 Qd4 28. Qg3+ Kh8 29. Qh4 Rd6 30. Nf3 0-1

[Event "World School-ch U15 7th"]
[Site "Krakow"]
[Date "2011.05.06"]
[Round "6"]
[White "Kowalczyk, Adam"]
[Black "Babazade, Javidan Elnur Oglu"]
[Result "0-1"]
[WhiteElo "1820"]
[BlackElo "2106"]
[PlyCount "42"]
[EventDate "2011.04.30"]
[EventType "swiss"]
[EventRounds "9"]
[EventCountry "POL"]
[SourceTitle "CBM 142 Extra"]
[Source "ChessBase"]
[SourceDate "2011.06.27"]
[SourceVersion "1"]
[SourceVersionDate "2011.06.27"]
[SourceQuality "1"]

1. e4 e6 2. d4 d5 3. Nd2 Nf6 4. e5 Nfd7 5. Bd3 c5 6. c3 Nc6 7. Ne2 cxd4 8. cxd4 f6 9. Nf4 Nxd4 10. Qh5+ Ke7 11. Ng6+ hxg6 12. Qxh8 Nxe5 13. Bb1 Qc7 14. Kd1 Bd7 15. b3 Qc3 16. Qg8 Nb5 17. a4 Rc8 18. Nc4 Qxb3+ 19. Bc2 Qxc4 20. axb5 Qxc2+ 21. Ke1 Nd3+ 0-1

[Event "World School-ch U15 7th"]
[Site "Krakow"]
[Date "2011.05.05"]
[Round "5"]
[White "Babazade, Javidan Elnur Oglu"]
[Black "Marczuk, Dominik"]
[Result "1-0"]
[WhiteElo "2106"]
[BlackElo "1918"]
[PlyCount "113"]
[EventDate "2011.04.30"]
[EventType "swiss"]
[EventRounds "9"]
[EventCountry "POL"]
[SourceTitle "CBM 142 Extra"]
[Source "ChessBase"]
[SourceDate "2011.06.27"]
[SourceVersion "1"]
[SourceVersionDate "2011.06.27"]
[SourceQuality "1"]

1. e4 c5 2. Nf3 Nc6 3. c4 e6 4. Nc3 Nf6 5. d4 cxd4 6. Nxd4 Bb4 7. Nxc6 bxc6 8. Bd3 0-0 9. 0-0 d5 10. e5 Nd7 11. Bf4 Nc5 12. Bb1 Ba6 13. Qc2 Qh4 14. Rd1 Bxc4 15. Rd4 g6 16. g3 Qh5 17. b3 Qf3 18. Be3 Bd3 19. Rxd3 Nxd3 20. Qxd3 Bxc3 21. Qxc3 c5 22. Qxc5 d4 23. Qxd4 Rad8 24. Be4 Qe2 25. Qxa7 Qb2 26. Rf1 Qxe5 27. Bg2 f5 28. Qc5 Qb2 29. Qc4 Qf6 30. Re1 Rc8 31. Bd4 Qf7 32. Qxe6 Qxe6 33. Rxe6 Rc1+ 34. Bf1 f4 35. gxf4 Rxf4 36. Be5 Re4 37. Kg2 Kf7 38. Rf6+ Ke7 39. f4 g5 40. Bc4 gxf4 41. Rf5 Ree1 42. Bf6+ Kd6 43. Rxf4 Rg1+ 44. Kh3 Rc2 45. Rd4+ Kc6 46. Bd5+ Kb5 47. a4+ Ka6 48. Rb4 Rd1 49. Bd4 Rd3+ 50. Kg4 Rxd4+ 51. Rxd4 Rxh2 52. Kg3 Ra2 53. Rh4 Rb2 54. Rxh7 Ka5 55. Rb7 Re2 56. Kf3 Re5 57. Rb5+ 1-0

[Event "World School-ch U15 7th"]
[Site "Krakow"]
[Date "2011.05.03"]
[Round "4"]
[White "Gajdamowicz, Patrick"]
[Black "Babazade, Javidan Elnur Oglu"]
[Result "1-0"]
[WhiteElo "1782"]
[BlackElo "2106"]
[PlyCount "84"]
[EventDate "2011.04.30"]
[EventType "swiss"]
[EventRounds "9"]
[EventCountry "POL"]
[SourceTitle "CBM 142 Extra"]
[Source "ChessBase"]
[SourceDate "2011.06.27"]
[SourceVersion "1"]
[SourceVersionDate "2011.06.27"]
[SourceQuality "1"]

1. e4 e5 2. Nf3 Nf6 3. Nxe5 d6 4. Nf3 Nxe4 5. Nc3 Nxc3 6. dxc3 Be7 7. Bf4 0-0 8. Qd2 Nd7 9. 0-0-0 b5 10. Bxb5 Nc5 11. Bc6 Rb8 12. Be3 Bb7 13. Nd4 Bf6 14. Bxb7 Rxb7 15. Nc6 Qe8 16. Bxc5 dxc5 17. Qd5 Rb6 18. Na5 Qa4 19. Nc4 Rbb8 20. a3 Qb5 21. Rd3 h6 22. b3 Rfd8 23. Qe4 Re8 24. Qg4 Bg5+ 25. Nd2 Rbd8 26. Rxd8 Rxd8 27. f4 Bf6 28. Ne4 Be7 29. Rd1 Rxd1+ 30. Qxd1 c4 31. b4 a5 32. Qd4 Qa6 33. Kb2 Qg6 34. g3 axb4 35. cxb4 Qc6 36. Nc3 Bf6 37. Qe3 Qd7 38. h4 Qd1 39. Qe8+ Kh7 40. Qe4+ g6 41. Qxc4 Qf3 42. Qxf7+ Kh8 1-0

[Event "EU-ch U14"]
[Site "Batumi"]
[Date "2010.09.27"]
[Round "8"]
[White "Kumsiashvili, Nikoloz"]
[Black "Babazade, Javidan Elnur Oglu"]
[Result "1/2-1/2"]
[WhiteElo "1988"]
[BlackElo "2091"]
[PlyCount "51"]
[EventDate "2010.09.20"]
[EventType "swiss"]
[EventRounds "9"]
[EventCountry "GEO"]
[SourceTitle "CBM 138 Extra"]
[Source "ChessBase"]
[SourceDate "2010.10.29"]
[SourceVersion "1"]
[SourceVersionDate "2010.10.29"]
[SourceQuality "1"]

1. d4 d5 2. c4 c6 3. Nf3 Nf6 4. Nc3 e6 5. Bg5 Nbd7 6. e3 Be7 7. Qc2 0-0 8. Bd3 h6 9. Bh4 dxc4 10. Bxc4 Qa5 11. 0-0 e5 12. dxe5 Nxe5 13. Nxe5 Qxe5 14. Bg3 Qc5 15. Bd3 Be6 16. h3 Bc4 17. Bxc4 Qxc4 18. Rfd1 Rfd8 19. Rac1 Bb4 20. a3 Bxc3 21. Qxc3 Qxc3 22. bxc3 Ne4 23. c4 Nxg3 24. fxg3 Re8 25. Kf2 Re4 26. Rd4 1/2-1/2

[Event "EU-ch U14"]
[Site "Batumi"]
[Date "2010.09.23"]
[Round "5"]
[White "Babazade, Javidan Elnur Oglu"]
[Black "Taube, Gregor"]
[Result "0-1"]
[WhiteElo "2091"]
[BlackElo "1926"]
[PlyCount "81"]
[EventDate "2010.09.20"]
[EventType "swiss"]
[EventRounds "9"]
[EventCountry "GEO"]
[SourceTitle "CBM 138 Extra"]
[Source "ChessBase"]
[SourceDate "2010.10.29"]
[SourceVersion "1"]
[SourceVersionDate "2010.10.29"]
[SourceQuality "1"]

1. e4 c5 2. Nf3 d6 3. c3 Nf6 4. Be2 Nc6 5. d4 cxd4 6. cxd4 d5 7. e5 Ne4 8. 0-0 Bg4 9. Be3 e6 10. Na3 Be7 11. Nc2 0-0 12. Nfe1 Bxe2 13. Qxe2 f6 14. f3 Ng5 15. Nd3 fxe5 16. dxe5 Qc7 17. Rac1 Rac8 18. h4 Nf7 19. f4 Nh6 20. g4 b6 21. Bf2 Qd8 22. h5 Bh4 23. b4 Bxf2+ 24. Rxf2 Qh4 25. Rg2 a5 26. a3 axb4 27. axb4 b5 28. Rf1 Rc7 29. Ne3 Rcf7 30. g5 Nd4 31. Qb2 Nhf5 32. Nxf5 Nxf5 33. g6 hxg6 34. hxg6 Rc7 35. Qf2 Qxf2+ 36. Rfxf2 Rc4 37. Rg5 Ra8 38. Nc5 Ra1+ 39. Kh2 Rcc1 40. Nxe6 Rh1+ 41. Kg2 0-1

[Event "EU-ch U14"]
[Site "Batumi"]
[Date "2010.09.21"]
[Round "2"]
[White "Ebralidze, Alexandre"]
[Black "Babazade, Javidan Elnur Oglu"]
[Result "0-1"]
[WhiteElo "1919"]
[BlackElo "2091"]
[PlyCount "98"]
[EventDate "2010.09.20"]
[EventType "swiss"]
[EventRounds "9"]
[EventCountry "GEO"]
[SourceTitle "CBM 138 Extra"]
[Source "ChessBase"]
[SourceDate "2010.10.29"]
[SourceVersion "1"]
[SourceVersionDate "2010.10.29"]
[SourceQuality "1"]

1. d4 d5 2. Nf3 Nf6 3. c4 c6 4. Nc3 e6 5. e3 Nbd7 6. Bd3 Bd6 7. 0-0 0-0 8. Re1 dxc4 9. Bxc4 b5 10. Bd3 e5 11. Ne4 Nxe4 12. Bxe4 Bb7 13. Qc2 g6 14. Bd2 Rc8 15. dxe5 Nxe5 16. Nxe5 Bxe5 17. f4 Bg7 18. Bb4 Re8 19. Rad1 Qf6 20. b3 Qe6 21. Bf3 Rcd8 22. Bc5 a6 23. Rd2 Bf8 24. Rxd8 Rxd8 25. Bb6 Rd7 26. Rc1 Bb4 27. Qe4 Qxe4 28. Bxe4 c5 29. Bxb7 Rxb7 30. Bd8 Bd2 31. Rc2 Bxe3+ 32. Kf1 Bd4 33. Ke2 f6 34. Kf3 Kf7 35. Ba5 Re7 36. Bd2 b4 37. Rc4 f5 38. h3 Re4 39. Rc1 Ke6 40. g4 Kd5 41. gxf5 gxf5 42. Rc2 a5 43. Rc1 Kc6 44. Rc4 Re8 45. Rc1 Kb5 46. Rc2 a4 47. Rc1 axb3 48. axb3 Ra8 49. Ke2 Ra2 0-1

[Event "Varna op 4th"]
[Site "Varna"]
[Date "2010.06.17"]
[Round "6"]
[White "Babazade, Javidan Elnur Oglu"]
[Black "Arnaudov, Petar G"]
[Result "0-1"]
[WhiteElo "2056"]
[BlackElo "2416"]
[PlyCount "180"]
[EventDate "2010.06.12"]
[EventType "swiss"]
[EventRounds "9"]
[EventCountry "BUL"]
[SourceTitle "CBM 136 Extra"]
[Source "ChessBase"]
[SourceDate "2010.07.02"]
[SourceVersion "2"]
[SourceVersionDate "2010.07.15"]
[SourceQuality "1"]

1. e4 e5 2. Nf3 Nc6 3. Bb5 a6 4. Ba4 Nf6 5. 0-0 Be7 6. Re1 b5 7. Bb3 0-0 8. c3 d6 9. h3 Bb7 10. d4 Nd7 11. Nbd2 exd4 12. cxd4 Bf6 13. Nf1 Re8 14. Bf4 Na5 15. Bc2 Nf8 16. Qd3 Ng6 17. Bd2 Nc4 18. Bc1 c5 19. a4 cxd4 20. Nxd4 Qb6 21. Nf5 d5 22. axb5 axb5 23. Rxa8 Bxa8 24. N1g3 Nxb2 25. Bxb2 Bxb2 26. Rb1 dxe4 27. Qb3 Be5 28. Qxb5 Qxb5 29. Rxb5 Bxg3 30. Nxg3 Nf8 31. Nf5 g6 32. Ne3 Re7 33. Rb8 Bc6 34. Rc8 Bb7 35. Rc4 f5 36. g3 Kg7 37. Bb3 Ne6 38. Rb4 Ng5 39. Kg2 Nf3 40. Bd1 Ne1+ 41. Kf1 Nd3 42. Rb6 Rc7 43. Bc2 Nc5 44. Kg2 Ba6 45. g4 f4 46. Nd5 Rd7 47. Nf6 Re7 48. Bxe4 Nxe4 49. Nxe4 Bb7 50. f3 Bxe4 51. fxe4 g5 52. Kf3 Re5 53. Rb7+ Kg6 54. Rb6+ Kg7 55. Rb7+ Kf6 56. h4 h6 57. hxg5+ hxg5 58. Rb6+ Ke7 59. Rb7+ Kd6 60. Rb6+ Kc5 61. Rf6 Kd4 62. Rd6+ Kc4 63. Rc6+ Rc5 64. Rf6 Kd4 65. Rd6+ Ke5 66. Rd3 Ra5 67. Rc3 Kd4 68. Rb3 Kc4 69. Rb8 Ra3+ 70. Kf2 Kd4 71. Rb4+ Kc5 72. Rb8 Rd3 73. Rc8+ Kd4 74. Re8 Rc3 75. Re7 Rg3 76. e5 Rxg4 77. Re8 Rg3 78. e6 Ke5 79. Re7 Kf6 80. Re8 Re3 81. Rf8+ Kxe6 82. Kg2 Ra3 83. Kf2 Ke5 84. Kg2 Ke4 85. Rf7 Ra2+ 86. Kh3 Kf3 87. Rb7 g4+ 88. Kh4 g3 89. Rb3+ Kf2 90. Rb4 f3 0-1

[Event "EU-chT Children 16 years old"]
[Site "St Constantin and Helena"]
[Date "2010.06.14"]
[Round "2.1"]
[White "Babazade, Javidan Elnur Oglu"]
[Black "Zubtsov, Oleg"]
[Result "1/2-1/2"]
[WhiteElo "2056"]
[BlackElo "1856"]
[PlyCount "109"]
[EventDate "2010.06.13"]
[EventType "team-swiss"]
[EventRounds "6"]
[EventCountry "BUL"]
[SourceTitle "EXT 2020"]
[Source "ChessBase"]
[SourceDate "2019.10.17"]
[SourceVersion "1"]
[SourceVersionDate "2019.10.17"]
[SourceQuality "1"]

1. e4 d5 2. exd5 Qxd5 3. Nc3 Qa5 4. d4 Nf6 5. Bd2 c6 6. Nf3 Bg4 7. Bc4 e6 8. h3 Qh5 9. Qe2 Nbd7 10. 0-0-0 Bxf3 11. gxf3 0-0-0 12. Ne4 Nb6 13. Ng3 Qh4 14. f4 Rxd4 15. Be3 Rxd1+ 16. Rxd1 Nfd5 17. Bxb6 axb6 18. f5 Qf6 19. Bxd5 exd5 20. c4 d4 21. Qe8+ Kc7 22. Ne4 Qxf5 23. Rxd4 Bc5 24. Qxh8 Bxd4 25. Qe8 Qd7 26. Qxd7+ Kxd7 27. f3 f5 28. Ng3 Ke6 29. b3 g6 30. Kd2 Bf2 31. Ne2 Ke5 32. Kd3 g5 33. Nc1 h5 34. Ke2 Bc5 35. Nd3+ Kd4 36. Nf2 Kc3 37. Nd3 Bd4 38. f4 g4 39. hxg4 hxg4 40. Ne5 Kb2 41. b4 Kxa2 42. b5 cxb5 43. cxb5 Kb3 44. Nf7 Bc5 45. Nh6 Kc4 46. Nxf5 Kxb5 47. Nh6 g3 48. Kf3 Bf2 49. Ng4 Kc6 50. Nxf2 gxf2 51. Kxf2 b5 52. Ke3 Kd5 53. Kd3 b4 54. Kc2 Ke4 55. Kb3 1/2-1/2

[Event "EU School-ch U13"]
[Site "Thessaloniki"]
[Date "2010.04.09"]
[Round "6"]
[White "Dastan, Batuhan Muhammed"]
[Black "Babazade, Javidan Elnur Oglu"]
[Result "1/2-1/2"]
[WhiteElo "2074"]
[BlackElo "2033"]
[PlyCount "72"]
[EventDate "2010.04.05"]
[EventType "swiss"]
[EventRounds "9"]
[EventCountry "GRE"]
[SourceTitle "CBM 136 Extra"]
[Source "ChessBase"]
[SourceDate "2010.07.02"]
[SourceVersion "2"]
[SourceVersionDate "2010.07.15"]
[SourceQuality "1"]

1. e4 c5 2. Nf3 d6 3. d4 cxd4 4. Nxd4 Nf6 5. Nc3 g6 6. Be3 Bg7 7. f3 Nc6 8. Qd2 Bd7 9. 0-0-0 a6 10. g4 h6 11. Nd5 Nxd5 12. exd5 Ne5 13. h3 Qc8 14. b3 Qc5 15. c4 g5 16. Kb1 Qc7 17. h4 f6 18. Bd3 Nxd3 19. Qxd3 0-0-0 20. Nf5 Bxf5 21. gxf5 h5 22. hxg5 fxg5 23. Bxg5 Rdf8 24. Rde1 Rf7 25. Re6 Kb8 26. Qe3 Bf6 27. Bxf6 exf6 28. Rxh5 Rfh7 29. Re8+ Rxe8 30. Qxe8+ Ka7 31. Qe3+ Ka8 32. Rxh7 Qxh7 33. Qe6 Qh1+ 34. Kb2 Qg2+ 35. Ka3 Qd2 36. Qe4 Ka7 1/2-1/2

[Event "EU School-ch U13"]
[Site "Thessaloniki"]
[Date "2010.04.06"]
[Round "2"]
[White "Babazade, Javidan Elnur Oglu"]
[Black "Shoshin, Valery"]
[Result "1-0"]
[WhiteElo "2033"]
[BlackElo "1802"]
[PlyCount "75"]
[EventDate "2010.04.05"]
[EventType "swiss"]
[EventRounds "9"]
[EventCountry "GRE"]
[SourceTitle "CBM 136 Extra"]
[Source "ChessBase"]
[SourceDate "2010.07.02"]
[SourceVersion "2"]
[SourceVersionDate "2010.07.15"]
[SourceQuality "1"]

1. Nf3 d5 2. b3 Bg4 3. Ne5 Bh5 4. Bb2 f6 5. Nd3 e5 6. g3 Bd6 7. Bg2 Ne7 8. 0-0 0-0 9. c4 c6 10. Nc3 Bf7 11. cxd5 Nxd5 12. Ne4 Be7 13. Rc1 Na6 14. Kh1 Qa5 15. a3 f5 16. b4 Qb5 17. Nec5 e4 18. a4 Qb6 19. Nd7 Qc7 20. N3e5 Bd6 21. Nxf8 Bxe5 22. Bxe5 Qxe5 23. Nd7 Qe7 24. b5 cxb5 25. axb5 Nab4 26. Nc5 Na2 27. Ra1 Qxc5 28. Rxa2 Ne3 29. dxe3 Bxa2 30. Qd7 Qc8 31. Qd2 Bc4 32. g4 Kh8 33. Rc1 Qc5 34. gxf5 Qxb5 35. Bxe4 Rb8 36. Qd4 Bxe2 37. Rg1 Rg8 38. f6 1-0

[Event "World School-ch U13 5th"]
[Site "Thessaloniki"]
[Date "2009.04.30"]
[Round "5"]
[White "Babazade, Javidan Elnur Oglu"]
[Black "Matsenko, Andrei"]
[Result "1-0"]
[WhiteElo "1962"]
[BlackElo "1966"]
[PlyCount "79"]
[EventDate "2009.04.27"]
[EventType "swiss"]
[EventRounds "9"]
[EventCountry "GRE"]
[SourceTitle "CBM 130 Extra"]
[Source "ChessBase"]
[SourceDate "2009.07.02"]
[SourceVersion "2"]
[SourceVersionDate "2009.07.15"]
[SourceQuality "1"]

1. d4 d5 2. e3 Nf6 3. f4 c5 4. c3 Bg4 5. Nf3 cxd4 6. exd4 Nc6 7. Bd3 Ne4 8. Qb3 Qd7 9. Bxe4 dxe4 10. Ng5 e6 11. Nxe4 Na5 12. Qc2 Rc8 13. Nf2 Bf5 14. Qe2 Qd5 15. 0-0 Bd6 16. Bd2 0-0 17. b3 b5 18. Nd1 b4 19. Qf2 Bxb1 20. Rxb1 Qe4 21. Rc1 Nc6 22. Re1 Qf5 23. c4 Qd3 24. Be3 Rfd8 25. Nb2 Qe4 26. Qc2 Qxc2 27. Rxc2 Be7 28. Rd1 Rd7 29. d5 Nd8 30. Rcd2 Kf8 31. g3 Bf6 32. Na4 exd5 33. cxd5 Nb7 34. Bxa7 Nd6 35. Bc5 Ke8 36. Bxb4 Rb8 37. Re2+ Kd8 38. Ba5+ Kc8 39. Rc1+ Kb7 40. Nc5+ 1-0

[Event "EU-ch U12 18th"]
[Site "Herceg Novi"]
[Date "2008.09.19"]
[Round "5"]
[White "Abozenko, Georg"]
[Black "Babazade, Javidan Elnur Oglu"]
[Result "1/2-1/2"]
[WhiteElo "1769"]
[BlackElo "2016"]
[PlyCount "65"]
[EventDate "2008.09.15"]
[EventType "swiss"]
[EventRounds "9"]
[EventCountry "MNE"]
[SourceTitle "CBM 126 Extra"]
[Source "ChessBase"]
[SourceDate "2008.11.05"]
[SourceVersion "1"]
[SourceVersionDate "2008.11.05"]
[SourceQuality "1"]

1. d4 Nf6 2. c4 g6 3. Nf3 Bg7 4. Bg5 h6 5. Bh4 g5 6. Bg3 d6 7. Nc3 Bf5 8. e3 Qd7 9. Qb3 Nc6 10. d5 Nd8 11. Nd4 Bg6 12. Be2 c5 13. dxc6 bxc6 14. Bf3 0-0 15. Qa4 Rc8 16. 0-0 e5 17. Nb3 Ne6 18. Rfd1 Qc7 19. Rd2 Nd7 20. Na5 Nb8 21. Rad1 Rfd8 22. b4 a6 23. b5 cxb5 24. Qa3 Bf8 25. Nd5 Qa7 26. Nb4 e4 27. Be2 bxc4 28. Nxc4 Bh5 29. Rb1 Nc5 30. Nd5 Bg6 31. Ndb6 Rc7 32. Nd5 Rcc8 33. Ndb6 1/2-1/2

[Event "EU School-ch U11"]
[Site "Kallithea"]
[Date "2008.05.02"]
[Round "5"]
[White "Babazade, Javidan Elnur Oglu"]
[Black "Gheorghiu, Calin"]
[Result "1/2-1/2"]
[WhiteElo "1974"]
[BlackElo "1743"]
[PlyCount "47"]
[EventDate "2008.04.29"]
[EventType "swiss"]
[EventRounds "9"]
[EventCountry "GRE"]
[SourceTitle "CBM 124 Extra"]
[Source "ChessBase"]
[SourceDate "2008.07.03"]
[SourceVersion "1"]
[SourceVersionDate "2008.07.03"]
[SourceQuality "1"]

1. c4 e5 2. Nc3 Nc6 3. g3 g6 4. Bg2 Bg7 5. d3 d6 6. e4 Be6 7. Nge2 Qd7 8. Nd5 f5 9. 0-0 Nge7 10. Bh6 0-0 11. Bxg7 Kxg7 12. Rc1 Rf7 13. d4 fxe4 14. Nxe7 Nxe7 15. Bxe4 Bf5 16. Bg2 Nc6 17. c5 Bh3 18. cxd6 cxd6 19. f4 Raf8 20. dxe5 Bxg2 21. Kxg2 dxe5 22. fxe5 Nxe5 23. Rxf7+ Rxf7 24. Nf4 1/2-1/2

[Event "EU School-ch U11"]
[Site "Kallithea"]
[Date "2008.04.30"]
[Round "3"]
[White "Babazade, Javidan Elnur Oglu"]
[Black "Sahinidis, Evagelos"]
[Result "1-0"]
[WhiteElo "1974"]
[BlackElo "1666"]
[PlyCount "111"]
[EventDate "2008.04.29"]
[EventType "swiss"]
[EventRounds "9"]
[EventCountry "GRE"]
[SourceTitle "CBM 124 Extra"]
[Source "ChessBase"]
[SourceDate "2008.07.03"]
[SourceVersion "1"]
[SourceVersionDate "2008.07.03"]
[SourceQuality "1"]

1. c4 c6 2. Nc3 Nf6 3. g3 d5 4. cxd5 cxd5 5. Bg2 Nc6 6. d3 Bf5 7. Qb3 Nd4 8. Qa4+ Nc6 9. e4 dxe4 10. dxe4 Bd7 11. Nge2 e5 12. 0-0 Bc5 13. Bg5 h6 14. Bxf6 Qxf6 15. Nd5 Qd8 16. Qc4 Be7 17. Rfd1 0-0 18. Nec3 Rc8 19. Qb5 b6 20. Nxe7+ Qxe7 21. Nd5 Qe6 22. Nc3 Rfd8 23. f4 f6 24. Rac1 Be8 25. Qf1 Qf7 26. Rxd8 Rxd8 27. Nd5 Rd6 28. Qc4 Kh8 29. Bf1 Qd7 30. Qc3 Bf7 31. Bc4 Nd4 32. fxe5 fxe5 33. Rf1 Bxd5 34. exd5 Rf6 35. Qe3 Rxf1+ 36. Kxf1 Qd6 37. a3 b5 38. Ba2 a5 39. b4 axb4 40. axb4 Nc2 41. Qc5 Qf6+ 42. Kg1 Nd4 43. d6 Qf3 44. Qc8+ Kh7 45. Bg8+ Kg6 46. Qe8+ Kg5 47. Qxe5+ Nf5 48. Be6 g6 49. Qf4+ Qxf4 50. gxf4+ Kf6 51. d7 Ke7 52. Bxf5 gxf5 53. Kf2 Kxd7 54. Ke3 h5 55. Kd4 h4 56. Ke5 1-0